[Event "SWE-chB"]
[Site "Vasteras"]
[Date "2011.07.20"]
[Round "5"]
[White "Cramling, Dan"]
[Black "Norberg, Johan"]
[Result "1-0"]
[WhiteElo "2395"]
[BlackElo "2313"]
[PlyCount "81"]
[EventDate "2011.07.16"]
[EventType "tourn"]
[EventRounds "9"]
[EventCountry "SWE"]
[EventCategory "5"]
[SourceTitle "CBM 143 Extra"]
[Source "ChessBase"]
[SourceDate "2011.08.29"]
[SourceVersion "1"]
[SourceVersionDate "2011.08.29"]
[SourceQuality "1"]

1. d4 g6 2. c4 Bg7 3. e4 d6 4. Nc3 Nf6 5. f4 0-0 6. Nf3 c5 7. Be2 cxd4 8. Nxd4 Nc6 9. Be3 Bd7 10. Nc2 a6 11. 0-0 Rc8 12. Rc1 b5 13. cxb5 axb5 14. a3 Rb8 15. b4 Ng4 16. Bxg4 Bxc3 17. Be2 Bb2 18. Rb1 Bg7 19. Qd2 Qc7 20. Rfc1 Qb7 21. Bf3 Rfd8 22. a4 Be8 23. a5 e5 24. f5 Ne7 25. Bb6 Rd7 26. fxg6 hxg6 27. Na3 d5 28. exd5 f5 29. d6 e4 30. Be2 Nd5 31. Bc5 Rdd8 32. Nxb5 e3 33. Qa2 Bxb5 34. Bxb5 Kh7 35. Qc4 Qxb5 36. Qxd5 Re8 37. Rc4 Qd7 38. Re1 Bh6 39. Bb6 Rbc8 40. Rxc8 Rxc8 41. a6 1-0

[Event "SWE-chB"]
[Site "Vasteras"]
[Date "2011.07.17"]
[Round "2"]
[White "Norberg, Johan"]
[Black "Engqvist, Thomas"]
[Result "1-0"]
[WhiteElo "2313"]
[BlackElo "2362"]
[PlyCount "59"]
[EventDate "2011.07.16"]
[EventType "tourn"]
[EventRounds "9"]
[EventCountry "SWE"]
[EventCategory "5"]
[SourceTitle "CBM 143 Extra"]
[Source "ChessBase"]
[SourceDate "2011.08.29"]
[SourceVersion "1"]
[SourceVersionDate "2011.08.29"]
[SourceQuality "1"]

1. e4 c6 2. Nf3 d5 3. exd5 cxd5 4. Ne5 Nc6 5. d4 Nf6 6. Bb5 Bd7 7. Nxd7 Qxd7 8. c3 e6 9. 0-0 Bd6 10. Nd2 0-0 11. Re1 Qc7 12. Nf1 Rab8 13. Bd3 Rfc8 14. Bg5 Nd7 15. Qg4 f5 16. Qh3 Nf8 17. Rad1 Na5 18. Bc1 b5 19. g4 g6 20. gxf5 gxf5 21. Nd2 Nc4 22. Kh1 Bf4 23. Rg1+ Ng6 24. Nf3 Bxc1 25. Rxc1 Nxb2 26. Ne5 Nxd3 27. Qxd3 Qg7 28. Qe3 Re8 29. Rg5 Kh8 30. Rcg1 1-0

[Event "SWE-chT 1011"]
[Site "Sweden"]
[Date "2011.03.12"]
[Round "10"]
[White "Nithander, Victor"]
[Black "Norberg, Johan"]
[Result "1-0"]
[WhiteElo "2422"]
[BlackElo "2277"]
[PlyCount "153"]
[EventDate "2010.10.08"]
[EventType "team-tourn"]
[EventRounds "11"]
[EventCountry "SWE"]
[SourceTitle "EXT 2012"]
[Source "ChessBase"]
[SourceDate "2011.11.24"]
[SourceVersion "1"]
[SourceVersionDate "2011.11.24"]
[SourceQuality "1"]
[WhiteTeam "Manhem"]
[BlackTeam "Vasteras"]
[WhiteTeamCountry "SWE"]
[BlackTeamCountry "SWE"]

1. c4 e5 2. g3 Nc6 3. Bg2 g6 4. Nc3 Bg7 5. e4 Nge7 6. Nge2 0-0 7. d3 d6 8. 0-0 Be6 9. Rb1 Qd7 10. b4 Bh3 11. b5 Bxg2 12. Kxg2 Nd8 13. Be3 Ne6 14. Qd2 c6 15. bxc6 bxc6 16. d4 exd4 17. Nxd4 f5 18. exf5 Nxd4 19. Bxd4 Nxf5 20. Bxg7 Nh4+ 21. Kh1 Nf3 22. Qh6 Qxg7 23. Qxg7+ Kxg7 24. Rb7+ Rf7 25. Rfb1 Ne5 26. Ne4 Nxc4 27. Ng5 Rxb7 28. Rxb7+ Kg8 29. Nxh7 d5 30. Nf6+ Kf8 31. Rc7 Rd8 32. Rxc6 Ne5 33. Rc5 Nd3 34. Rxd5 Rxd5 35. Nxd5 Nxf2+ 36. Kg2 Nd3 37. Kf3 Kf7 38. Ke3 Ne5 39. Kf4 Ke6 40. Ne3 Nc6 41. Kg5 Kf7 42. Nc4 Kg7 43. g4 Nd4 44. Kf4 Kf6 45. h4 Ne2+ 46. Ke3 Nc3 47. a3 Nd5+ 48. Kd4 Nf4 49. Ne3 Ne2+ 50. Kd3 Nc1+ 51. Ke4 Ne2 52. Nd5+ Kf7 53. Kd3 Nc1+ 54. Ke4 Ne2 55. g5 Ng3+ 56. Ke5 Ne2 57. a4 Ng1 58. Ke4 Ne2 59. a5 Nc1 60. a6 Nb3 61. Ke5 Nd2 62. Kd6 Nf3 63. Kc6 Nxh4 64. Kb7 Ke6 65. Kxa7 Kxd5 66. Kb6 Ke5 67. a7 Kf4 68. a8Q Kxg5 69. Kc5 Kf4 70. Qa4+ Kg3 71. Qb3+ Nf3 72. Kd5 g5 73. Ke4 g4 74. Qb8+ Kh3 75. Kf4 Nh2 76. Qb3+ Nf3 77. Qc3 1-0

[Event "SWE-chT 1011"]
[Site "Sweden"]
[Date "2011.03.11"]
[Round "9"]
[White "Norberg, Johan"]
[Black "Arnelind, Mikael"]
[Result "0-1"]
[WhiteElo "2277"]
[BlackElo "2192"]
[PlyCount "132"]
[EventDate "2010.10.08"]
[EventType "team-tourn"]
[EventRounds "11"]
[EventCountry "SWE"]
[SourceTitle "EXT 2012"]
[Source "ChessBase"]
[SourceDate "2011.11.24"]
[SourceVersion "1"]
[SourceVersionDate "2011.11.24"]
[SourceQuality "1"]
[WhiteTeam "Vasteras"]
[BlackTeam "Orgryte"]
[WhiteTeamCountry "SWE"]
[BlackTeamCountry "SWE"]

1. e4 e6 2. d4 d5 3. exd5 exd5 4. Bd3 Nc6 5. c3 Bd6 6. Qf3 Be6 7. Ne2 Qf6 8. Bf4 0-0-0 9. Nd2 h6 10. 0-0-0 Bf5 11. Bxf5+ Qxf5 12. Bxd6 Qxf3 13. Nxf3 Rxd6 14. Nf4 Nge7 15. Rhe1 g5 16. Nh5 Ng6 17. Kc2 Rf8 18. b4 Nd8 19. Ne5 Ne6 20. g3 Ne7 21. Rd3 Nf5 22. Ng4 Neg7 23. Nxg7 Nxg7 24. Re5 f6 25. Re7 Nf5 26. Rh7 Rd7 27. Rxd7 Kxd7 28. Ne3 Ne7 29. Rd1 f5 30. Re1 Ke6 31. c4 c6 32. c5 Kd7 33. a4 Ng6 34. Kd3 h5 35. Rg1 f4 36. gxf4 Nxf4+ 37. Kd2 Nh3 38. Rg3 Nxf2 39. Rg2 g4 40. Ke2 Nh3 41. Ke1 Rf3 42. Nxg4 hxg4 43. Rxg4 Rf7 44. Ke2 Nf2 45. Rg6 Ne4 46. h4 Nc3+ 47. Kd2 Nxa4 48. Kc2 Rh7 49. Kb3 b5 50. Rg4 Rh6 51. Rg7+ Ke8 52. Rg8+ Kf7 53. Rc8 Re6 54. Rc7+ Ke8 55. Rxa7 Rh6 56. Rc7 Kd8 57. Rg7 Rxh4 58. Rg8+ Ke7 59. Rg2 Ke6 60. Rg6+ Kf5 61. Rxc6 Rh3+ 62. Ka2 Ke4 63. Rc8 Kxd4 64. Rb8 Kc4 65. c6 Rh2+ 66. Ka1 Kb3 0-1

[Event "SWE-chT 1011"]
[Site "Sweden"]
[Date "2011.02.26"]
[Round "8"]
[White "Norberg, Johan"]
[Black "Andersson, Fredrik1"]
[Result "1/2-1/2"]
[WhiteElo "2298"]
[BlackElo "2292"]
[PlyCount "40"]
[EventDate "2010.10.08"]
[EventType "team-tourn"]
[EventRounds "11"]
[EventCountry "SWE"]
[SourceTitle "EXT 2012"]
[Source "ChessBase"]
[SourceDate "2011.11.24"]
[SourceVersion "1"]
[SourceVersionDate "2011.11.24"]
[SourceQuality "1"]
[WhiteTeam "Vasteras"]
[BlackTeam "Upsala"]
[WhiteTeamCountry "SWE"]
[BlackTeamCountry "SWE"]

1. e4 c5 2. Nf3 Nc6 3. d4 cxd4 4. Nxd4 Nf6 5. Nc3 e5 6. Ndb5 d6 7. Bg5 a6 8. Na3 b5 9. Bxf6 gxf6 10. Nd5 f5 11. c3 Bg7 12. exf5 Bxf5 13. Nc2 0-0 14. Nce3 Be6 15. a4 b4 16. Bd3 f5 17. Bc2 bxc3 18. bxc3 Rb8 19. 0-0 Ne7 20. c4 Nc6 1/2-1/2